LEADER 01244nam0-22003251i-450- 001 990006932820403321 005 20070308134022.0 035 $a000693282 035 $aFED01000693282 035 $a(Aleph)000693282FED01 035 $a000693282 100 $a20010713d1998----km-y0itay50------ba 101 0 $aita 105 $a--------101yy 200 1 $a<>monachesimo nel Veneto medioevale$eatti del Convegno di studi in occasione del Millenario di fondazione dell'Abbazia di S. Maria di Mogliano Veneto (Treviso), 30 novembre 1996$fa cura di Francesco G. B. Trolese 210 $aCesena$cBadia di S. Maria del Monte$d1998 215 $aXI, 246 p.$d25 cm 225 1 $aItalia benedettina$v17 610 0 $aMonachesimo medioevale 676 $a271.1 702 1$aTrolese,$bFrancesco G. B. 710 12$aConvegno di studi in occasione del millenario di fondazione dell'Abbazia di S. Maria di Mogliano Veneto, Treviso$f<1996 ;$eMogliano Veneto>$0495471 712 02$aCentro storico benedettino italiano 801 0$aIT$bUNINA$gRICA$2UNIMARC 901 $aBK 912 $a990006932820403321 952 $a271.1 CSBI 1 (17)$bBibl.38928$fFLFBC 959 $aFLFBC 996 $aMonachesimo nel Veneto medioevale$9628171 997 $aUNINA LEADER 02145oam 2200565M 450 001 9910716141003321 005 20200213070927.4 035 $a(CKB)5470000002518706 035 $a(OCoLC)1065611316 035 $a(OCoLC)995470000002518706 035 $a(EXLCZ)995470000002518706 100 $a20071213d1926 ua 0 101 0 $aeng 135 $aurcn||||||||| 181 $ctxt$2rdacontent 182 $cc$2rdamedia 183 $acr$2rdacarrier 200 10$aGranting easements in and upon public lands and properties at Canal Bridge, Wis. June 18, 1926. -- Committed to the Committee of the Whole House on the State of the Union and ordered to be printed 210 1$a[Washington, D.C.] :$c[U.S. Government Printing Office],$d1926. 215 $a1 online resource (2 pages) 225 1 $aHouse report / 69th Congress, 1st session. House ;$vno. 1517 225 1 $a[United States congressional serial set ] ;$v[serial no. 8534] 300 $aBatch processed record: Metadata reviewed, not verified. Some fields updated by batch processes. 300 $aFDLP item number not assigned. 606 $aBridge construction industry 606 $aBridges$xDesign and construction 606 $aBridges 606 $aServitudes 606 $aRight of way 606 $aRoads$xDesign and construction 606 $aRoads 608 $aLegislative materials.$2lcgft 615 0$aBridge construction industry. 615 0$aBridges$xDesign and construction. 615 0$aBridges. 615 0$aServitudes. 615 0$aRight of way. 615 0$aRoads$xDesign and construction. 615 0$aRoads. 701 $aDempsey$b S. Wallace$g(Stephen Wallace),$f1862-1949$pRepublican (NY)$01389930 801 0$bWYU 801 1$bWYU 801 2$bOCLCO 801 2$bOCLCQ 801 2$bOCLCO 801 2$bOCLCQ 906 $aBOOK 912 $a9910716141003321 996 $aGranting easements in and upon public lands and properties at Canal Bridge, Wis. June 18, 1926. -- Committed to the Committee of the Whole House on the State of the Union and ordered to be printed$93463509 997 $aUNINA LEADER 04016nam 22005895 450 001 9910781666103321 005 20230725051141.0 010 $a0-8147-6530-0 024 7 $a10.18574/9780814765302 035 $a(CKB)2550000000047438 035 $a(EBL)865788 035 $a(OCoLC)751980642 035 $a(SSID)ssj0000606668 035 $a(PQKBManifestationID)11973795 035 $a(PQKBTitleCode)TC0000606668 035 $a(PQKBWorkID)10581783 035 $a(PQKB)10167534 035 $a(MiAaPQ)EBC865788 035 $a(MdBmJHUP)muse4893 035 $a(DE-B1597)546837 035 $a(DE-B1597)9780814765302 035 $a(EXLCZ)992550000000047438 100 $a20200608h20112011 fg 0 101 0 $aeng 135 $aurnn#---|un|u 181 $ctxt 182 $cc 183 $acr 200 10$aSex Fiends, Perverts, and Pedophiles $eUnderstanding Sex Crime Policy in America /$fChrysanthi S. Leon 210 1$aNew York, NY :$cNew York University Press,$d[2011] 210 4$dİ2011 215 $a1 online resource (264 p.) 300 $aDescription based upon print version of record. 311 0 $a0-8147-5326-4 311 0 $a0-8147-5258-6 320 $aIncludes bibliographical references and index. 327 $tFront matter --$tContents --$tAcknowledgments --$tIntroduction --$t1 Punishment Stories --$t2 The Sexual Psychopath Era --$t3 The Era of Rehabilitative Debate --$t4 Sex Offender Rehabilitation in California and How It Worked --$t5 Sex Offender Policy in the Containment Era --$t6 Experts and Governance --$t7 Chilling Effects --$t8 National Sex Offender Punishment Trends since 1920 --$t9 Conclusion --$tAppendix A --$tAppendix B Timeline --$tNotes --$tBibliography --$tIndex --$tAbout the Author 330 $aFrom Megan?s Law to Jessica?s Law, almost every state in the nation has passed some law to punish sex offenders. This popular tough-on-crime legislation is often written after highly-publicized cases have made the gruesome rounds through the media, and usually features harsh sentences, lifetime GPS monitoring, a dramatic expansion of the civil commitment procedures, and severe restrictions on where released sex offenders may live. In Sex Fiends, Perverts, and Pedophiles, Chrysanthi Leon argues that, while the singular notion of the sexual boogeyman has been used to justify these harsh policies, not all sex offenders are the same and such ?one size fits all? policies can unfairly punish other offenders of lesser crimes, needlessly targeting, sometimes ostracizing, citizens from their own communities. While many recognize that prison is not the right tool for every crime problem, Leon compellingly argues that the U.S. maintains a one-size-fits-all approach to sexual offending which is undermining public safety. Leon explains how we?ve reached this point?with a large incarcerated sex offender population, many of whom will be released in the coming years with multiple barriers to their success in the community, and without much expertise to guide them or to guide those who are charged to help them. Leon argues that we cannot blame the public, nor even the politicians, except indirectly. Instead, we might blame the institutions we charge with making placement decisions and with the experts?both those who have chosen to work in the field and those who have caused its marginalization. Ultimately, Leon shows that when policies intended for the worst offenders take over, all of us suffer. 606 $aChild molesters$zUnited States 606 $aSex offenders$zUnited States 606 $aSex crimes$zUnited States 615 0$aChild molesters 615 0$aSex offenders 615 0$aSex crimes 676 $a364.15/30973 700 $aLeon$b Chrysanthi S.$4aut$4http://id.loc.gov/vocabulary/relators/aut$01088490 801 0$bDE-B1597 801 1$bDE-B1597 906 $aBOOK 912 $a9910781666103321 996 $aSex Fiends, Perverts, and Pedophiles$93784225 997 $aUNINA